[Event "1st  Behin Bazafarin Alborz Internationa"]
[Site "Tehran"]
[Date "2014.03.14"]
[Round "10.7"]
[White "Ettehadi, H."]
[Black "Mousavi, Seyed Khalil"]
[Result "0-1"]
[WhiteElo "2191"]
[BlackElo "2319"]
[PlyCount "142"]
[EventDate "2014.03.06"]

1. e4 e6 2. d4 d5 3. Bd3 c5 4. c3 Nc6 5. Nf3 cxd4 6. e5 dxc3 7. Nxc3 d4 8. Nb5
a6 9. Qa4 Rb8 10. Nbxd4 Bd7 11. Qb3 Nxd4 12. Nxd4 Qa5+ 13. Bd2 Qxe5+ 14. Ne2
Bd6 15. O-O-O Nf6 16. Kb1 Qd5 17. Bc4 Qe4+ 18. Bd3 Ba4 19. Qc3 Qe5 20. b3 Bb5
21. Be3 Bxd3+ 22. Qxd3 Nd5 23. Bd4 Qg5 24. h4 Qh6 25. Nc3 Nb4 26. Qe4 Nc6 27.
Be3 Qf6 28. Rxd6 Qxc3 29. Rc1 Qb4 30. Qd3 O-O 31. Rc4 Qb5 32. a4 Qh5 33. Bb6 h6
34. Qe4 Ne7 35. Bc7 Rbc8 36. Rd7 Nd5 37. Be5 Qd1+ 38. Kb2 b5 39. Qc2 Qxc2+ 40.
Rxc2 Rxc2+ 41. Kxc2 Rc8+ 42. Kd3 bxa4 43. bxa4 Rc5 44. Bd6 Ra5 45. Rd8+ Kh7 46.
Rd7 Nf6 47. Bc7 Nxd7 48. Bxa5 Nc5+ 49. Kc4 Nxa4 50. h5 g6 51. g4 gxh5 52. gxh5
Nb2+ 53. Kd4 Nd1 54. f3 Nf2 55. Ke5 Nh3 56. f4 Nf2 57. f5 Ng4+ 58. Kf4 Nf6 59.
fxe6 fxe6 60. Ke5 Nxh5 61. Kxe6 Kg6 62. Bd8 Ng3 63. Kd5 Kf5 64. Kc6 h5 65. Kb6
Ne4 66. Kxa6 Ng5 67. Kb5 h4 68. Kb4 h3 69. Bc7 Ke4 70. Kc3 Kf3 71. Kd3 Ne4 0-1

[Event "1st  Behin Bazafarin Alborz Internationa"]
[Site "Tehran"]
[Date "2014.03.14"]
[Round "10.8"]
[White "Asadi, Sadegh"]
[Black "Lorparizangeneh, Shahin"]
[Result "1/2-1/2"]
[WhiteElo "2055"]
[BlackElo "2246"]
[PlyCount "85"]
[EventDate "2014.03.06"]

1. e4 e5 2. Nc3 Nf6 3. f4 d5 4. fxe5 Nxe4 5. Nf3 Bc5 6. d4 Bb4 7. Bd2 c5 8. Bd3
Nxd2 9. Qxd2 cxd4 10. Nxd4 Nc6 11. Bb5 Qb6 12. a3 Bxc3 13. Qxc3 O-O 14. Bxc6
bxc6 15. O-O-O Bg4 16. Rd2 Rac8 17. h3 Be6 18. g4 c5 19. Nf5 d4 20. Qf3 Rb8 21.
b3 c4 22. b4 Rfd8 23. Rhd1 d3 24. Qc6 dxc2 25. Rxd8+ Rxd8 26. Rxd8+ Qxd8 27.
Nd6 Qg5+ 28. Kxc2 h5 29. Qa8+ Kh7 30. Qe4+ g6 31. Ne8 Qh4 32. Nf6+ Kg7 33. Qe3
hxg4 34. hxg4 Bxg4 35. b5 Be6 36. Kc3 Qh1 37. Kb4 Qb1+ 38. Kc5 Qb3 39. Qc1 c3
40. Kd6 Qxb5 41. Nh5+ gxh5 42. Qg5+ Kf8 43. Qh6+ 1/2-1/2

[Event "1st  Behin Bazafarin Alborz Internationa"]
[Site "Tehran"]
[Date "2014.03.14"]
[Round "10.9"]
[White "Bagheri, Maziar"]
[Black "Darini, Pouria"]
[Result "0-1"]
[WhiteElo "2088"]
[BlackElo "2510"]
[PlyCount "66"]
[EventDate "2014.03.06"]

1. Nf3 Nf6 2. c4 g6 3. Nc3 Bg7 4. e4 d6 5. d4 O-O 6. Be2 e5 7. O-O Nc6 8. d5
Ne7 9. b4 c6 10. Bb2 a5 11. bxa5 c5 12. Nd2 Rxa5 13. a4 Nd7 14. Nb5 Ra6 15. Ra3
f5 16. g3 Nf6 17. Bf3 Bh6 18. exf5 gxf5 19. Bg2 Ng6 20. Re1 Bd7 21. Bc1 Bg7 22.
Nf3 h6 23. Nd2 e4 24. f4 exf3 25. Rxf3 Ng4 26. h3 N4e5 27. Rb3 f4 28. Qc2 Bf5
29. Be4 Bxe4 30. Qxe4 Rxa4 31. Bb2 Qg5 32. Qg2 f3 33. Qf2 Nf4 0-1

[Event "1st  Behin Bazafarin Alborz Internation"]
[Site "Tehran"]
[Date "2014.03.14"]
[Round "10.10"]
[White "Mahdavirad, Mehdi"]
[Black "Bajarani, Ulvi"]
[Result "1/2-1/2"]
[WhiteElo "2303"]
[BlackElo "2492"]
[PlyCount "195"]
[EventDate "2014.03.06"]

1. c4 c6 2. Nf3 d5 3. e3 Nf6 4. d4 a6 5. b3 Bf5 6. Bd3 Bxd3 7. Qxd3 e6 8. O-O
Nbd7 9. Nbd2 Be7 10. Bb2 O-O 11. e4 dxe4 12. Nxe4 Nxe4 13. Qxe4 Qc7 14. Rad1
Rfe8 15. Rd3 Bf6 16. Rfd1 g6 17. Qe2 Rad8 18. Re3 Qc8 19. Re1 Nf8 20. Ne5 Bg7
21. Qf3 Qc7 22. h4 h5 23. Qf4 Rc8 24. Qe4 Nd7 25. Nxd7 Qxd7 26. Rd3 Rcd8 27.
Red1 Qe7 28. g3 Rd7 29. Bc1 Bf6 30. Bf4 Red8 31. Be5 Bg7 32. Kg2 f6 33. Bf4 Kf7
34. Qe3 Bh8 35. Qe2 Bg7 36. R1d2 Qe8 37. Rd1 Bf8 38. Kg1 Bd6 39. Bc1 Bb8 40.
Be3 Kg7 41. R3d2 Qe7 42. Kg2 Qf7 43. Qf3 Bc7 44. Qe2 Qe8 45. Kg1 Ba5 46. Rd3
Bb6 47. R3d2 Ba7 48. Kg2 Rd6 49. Qf3 b5 50. Qf4 R8d7 51. Qh6+ Kg8 52. Qf4 Qf7
53. Kg1 Rd8 54. Qf3 Re8 55. Kg2 Rc8 56. Rc1 Rcd8 57. cxb5 cxb5 58. Rdc2 Bb6 59.
Rc8 Rd5 60. R8c6 Bxd4 61. Bxd4 Rxd4 62. Rxa6 R4d5 63. Rcc6 Re5 64. Rd6 Rxd6 65.
Rxd6 Rd5 66. Rb6 Kg7 67. Qc3 Qd7 68. Rc6 Rd3 69. Qc5 Qd5+ 70. Qxd5 exd5 71. Rb6
Rd2 72. Rxb5 Rxa2 73. Rxd5 Rb2 74. Rb5 Kh6 75. Rb7 g5 76. Rb6 Kg7 77. b4 gxh4
78. gxh4 Kg6 79. Kg3 Rb1 80. Rb8 Kf5 81. Rb5+ Kg6 82. f3 Rg1+ 83. Kh2 Rb1 84.
Kg2 Rb2+ 85. Kg3 Rb3 86. Rb8 Kf5 87. b5 Rb1 88. b6 Rg1+ 89. Kf2 Rb1 90. Kg3
Rg1+ 91. Kh2 Rb1 92. b7 Kf4 93. Rf8 Rxb7 94. Rxf6+ Ke3 95. Rf5 Kf2 96. Rxh5
Kxf3 97. Rg5 Kf4 98. Kg2 1/2-1/2

[Event "1st  Behin Bazafarin Alborz Internationa"]
[Site "Tehran"]
[Date "2014.03.14"]
[Round "10.11"]
[White "Ghorbani, Mohsen"]
[Black "Javakhadze, Zurab"]
[Result "0-1"]
[WhiteElo "2300"]
[BlackElo "2450"]
[PlyCount "104"]
[EventDate "2014.03.06"]

1. d4 Nf6 2. Nf3 e6 3. e3 b6 4. Bd3 Bb7 5. Nbd2 d6 6. O-O g6 7. e4 Bg7 8. Qe2
O-O 9. Rd1 Nc6 10. c3 Nd7 11. Nc4 Re8 12. Qc2 Qc8 13. a4 a5 14. Bf1 e5 15. dxe5
dxe5 16. Ne3 Nd8 17. Bb5 Bc6 18. Bxc6 Nxc6 19. Nd5 Nd8 20. b3 Ne6 21. Ba3 Ndc5
22. Nd2 Qb7 23. Bxc5 Nxc5 24. Nc4 Rad8 25. Rd2 c6 26. Nde3 Rxd2 27. Nxd2 Rd8
28. Ndc4 Qc7 29. b4 axb4 30. cxb4 Ne6 31. a5 b5 32. Nd2 Bf8 33. Qb2 Nf4 34. a6
Nd3 35. Qb3 Nxb4 36. Nf3 Ra8 37. Ng4 Nxa6 38. h4 Bg7 39. h5 Qc8 40. Ng5 Ra7 41.
Qh3 Qd8 42. Nxh7 b4 43. h6 Bh8 44. Qe3 Rd7 45. Nhf6+ Bxf6 46. Rxa6 Bg5 47. Qh3
Kh7 48. g3 b3 49. Nxe5 b2 50. Nxd7 b1=Q+ 51. Kh2 Qc2 52. Kg1 Qd1+ 0-1

[Event "1st  Behin Bazafarin Alborz Internationa"]
[Site "Tehran"]
[Date "2014.03.14"]
[Round "10.12"]
[White "Mosadeghpour, Masoud"]
[Black "Mahjoob, Morteza"]
[Result "0-1"]
[WhiteElo "2294"]
[BlackElo "2413"]
[PlyCount "74"]
[EventDate "2014.03.06"]

1. e4 c5 2. d4 cxd4 3. c3 Nf6 4. e5 Nd5 5. Nf3 d6 6. Qxd4 e6 7. exd6 Qxd6 8.
Bb5+ Bd7 9. Bxd7+ Nxd7 10. O-O Qc5 11. Qd3 Be7 12. Nbd2 Qc7 13. Ne4 h6 14. c4
N5f6 15. Nc3 O-O 16. b3 Rfd8 17. Bb2 Ne5 18. Qe2 Nd3 19. Nb5 Qf4 20. Bd4 Qf5
21. Rfd1 Nf4 22. Qf1 a6 23. Nc3 Ng4 24. g3 Bf6 25. Bxf6 Qxf6 26. Ne4 Nh3+ 27.
Kg2 Qg6 28. Qe1 Qh5 29. Nh4 Nf4+ 30. Kh1 Nd3 31. Rxd3 Rxd3 32. Qe2 Qe5 33. Qxd3
Qxa1+ 34. Kg2 Nf6 35. Nc3 Qb2 36. Nf3 Ng4 37. Nd1 Qxa2 0-1

[Event "1st  Behin Bazafarin Alborz Internationa"]
[Site "Tehran"]
[Date "2014.03.14"]
[Round "10.13"]
[White "Khodashenas, Mersad"]
[Black "Khaghani, Babak"]
[Result "1-0"]
[WhiteElo "2262"]
[BlackElo "2344"]
[PlyCount "101"]
[EventDate "2014.03.06"]

1. e4 e5 2. Nf3 d6 3. d4 exd4 4. Nxd4 Nf6 5. Nc3 Be7 6. Bc4 O-O 7. O-O c5 8.
Nde2 Be6 9. Bxe6 fxe6 10. Nf4 Qc8 11. Qe2 Nc6 12. Be3 Nd4 13. Bxd4 cxd4 14. Nb5
e5 15. Nd5 Nxd5 16. exd5 Qc5 17. c3 a6 18. Nxd4 exd4 19. Qxe7 dxc3 20. bxc3
Rae8 21. Qxb7 Re2 22. Kh1 Rfxf2 23. Qa8+ Kf7 24. Qxa6 Kg8 25. Qa8+ Kf7 26. Rab1
Kg6 27. Rg1 Qxc3 28. Rb3 Qe5 29. Rg3+ Kf7 30. a4 h5 31. Qb7+ Kg8 32. Rg6 Rd2
33. Qb8+ Kh7 34. Rxd6 Rxd5 35. Qb1+ Kg8 36. Rb6 Rdd2 37. Rb5 Qe2 38. Qg6 Rd1
39. Rb8+ Rf8 40. Rxf8+ Kxf8 41. Qb6 Rd2 42. h3 Ra2 43. Qb3 g6 44. Qg3 Kg7 45.
Re1 Qf2 46. Qc3+ Kf7 47. Qc7+ Kf8 48. Qd8+ Kg7 49. Re7+ Kh6 50. Qh8+ Kg5 51.
Re5+ 1-0

[Event "1st  Behin Bazafarin Alborz Internationa"]
[Site "Tehran"]
[Date "2014.03.14"]
[Round "10.14"]
[White "Ghorbani, Hadi"]
[Black "Asgarizadeh, Ahmad"]
[Result "0-1"]
[WhiteElo "2084"]
[BlackElo "2309"]
[PlyCount "92"]
[EventDate "2014.03.06"]

1. d4 Nf6 2. c4 c5 3. d5 e6 4. Nc3 exd5 5. cxd5 d6 6. Nf3 g6 7. g3 Bg7 8. Bg2
O-O 9. O-O a6 10. a4 Nbd7 11. Bf4 Qc7 12. Nd2 Nh5 13. Nc4 Nxf4 14. gxf4 Nb6 15.
Na3 Bd7 16. a5 Nc8 17. Nc4 b5 18. axb6 Nxb6 19. Na5 Bb5 20. Qc2 Rfe8 21. Rfe1
Nc4 22. Nc6 Qd7 23. e3 Qg4 24. h3 Qf5 25. Qc1 Qf6 26. Nxb5 axb5 27. Rxa8 Rxa8
28. b3 Na5 29. b4 Nb3 30. Qc2 c4 31. Rb1 Ra1 32. Kh2 Rxb1 33. Qxb1 Qa1 34. Qe4
Bf6 35. Qe8+ Kg7 36. Nb8 Qa8 37. Qxb5 c3 38. Be4 Qa2 39. Qe8 Qxf2+ 40. Kh1 Qf1+
41. Kh2 Qf2+ 42. Kh1 c2 43. Bxc2 Nd2 44. Be4 Nf3 45. Bxf3 Qxf3+ 46. Kg1 Bh4 0-1

[Event "1st  Behin Bazafarin Alborz Internationa"]
[Site "Tehran"]
[Date "2014.03.14"]
[Round "10.15"]
[White "Tahbaz, Arash"]
[Black "Asgari, Morteza"]
[Result "1/2-1/2"]
[WhiteElo "2054"]
[BlackElo "2279"]
[PlyCount "107"]
[EventDate "2014.03.06"]

1. e4 c6 2. d4 d5 3. Nd2 dxe4 4. Nxe4 Nd7 5. Ng5 Ngf6 6. Bc4 e6 7. Qe2 Nb6 8.
Bb3 h6 9. N5f3 c5 10. Bf4 Nfd5 11. Be5 c4 12. Bxc4 Bb4+ 13. Kf1 Nxc4 14. Qxc4
O-O 15. c3 Be7 16. Ne2 a5 17. Kg1 Qb6 18. Qb3 Qa6 19. Qd1 b5 20. Rc1 Bb7 21. h3
Rfc8 22. Qd3 Nb6 23. b3 a4 24. Kh2 Bd5 25. Nd2 Nd7 26. Bg3 Bg5 27. Nf4 Nf6 28.
Nxd5 Nxd5 29. Rhd1 Rc6 30. h4 Bxd2 31. Rxd2 Rac8 32. Rdc2 axb3 33. axb3 Qa3 34.
Qxb5 Rxc3 35. Rxc3 Rxc3 36. Rxc3 Nxc3 37. Qc6 Nd5 38. Bd6 Qxb3 39. Qe8+ Kh7 40.
Qxf7 Nf6 41. f3 Qd5 42. Be5 Qd7 43. Qf8 Nd5 44. Qa3 Qf7 45. Qd3+ Kg8 46. g4 h5
47. Qe4 hxg4 48. Qxg4 Ne3 49. Qg5 Nf5 50. Kh3 Qb7 51. Qg4 Qb1 52. Kh2 Qe1 53.
h5 Kf8 54. Qg2 1/2-1/2

[Event "1st  Behin Bazafarin Alborz Internationa"]
[Site "Tehran"]
[Date "2014.03.15"]
[Round "11.2"]
[White "Noroozi, Omid"]
[Black "Sharbaf, Mohsen"]
[Result "1-0"]
[WhiteElo "2382"]
[BlackElo "2434"]
[PlyCount "91"]
[EventDate "2014.03.06"]

1. c4 g6 2. d4 Bg7 3. Nc3 c6 4. e4 d5 5. e5 e6 6. Nf3 Ne7 7. Be2 O-O 8. O-O
dxc4 9. Bxc4 Nd7 10. Ne4 Nb6 11. Bd3 Nbd5 12. Bd2 b6 13. Rc1 a5 14. Qe2 h6 15.
a3 Kh7 16. h4 Nf5 17. g3 Bd7 18. h5 Kg8 19. Kg2 g5 20. g4 Nfe7 21. Nd6 f5 22.
exf6 Nxf6 23. Ne5 Nfd5 24. Bb1 Be8 25. Qd3 Nf6 26. Nxe8 Qxe8 27. f4 gxf4 28.
Rxf4 Ned5 29. Rf3 Rc8 30. b4 axb4 31. axb4 Rc7 32. Re1 c5 33. bxc5 bxc5 34. Rc1
cxd4 35. Rxc7 Nxc7 36. Bb4 Rf7 37. Nxf7 Qxf7 38. Qxd4 Ncd5 39. Bd6 Qd7 40. Be5
Qe8 41. Bg6 Qe7 42. Rb3 Bf8 43. Rb8 Kg7 44. Ra8 Kg8 45. Ra7 Qd8 46. Bf7+ 1-0

[Event "1st  Behin Bazafarin Alborz Internationa"]
[Site "Tehran"]
[Date "2014.03.15"]
[Round "11.3"]
[White "Azaladze, Shota"]
[Black "Benidze, Davit"]
[Result "1-0"]
[WhiteElo "2482"]
[BlackElo "2479"]
[PlyCount "45"]
[EventDate "2014.03.06"]

1. Nf3 c5 2. g3 g6 3. Bg2 Bg7 4. O-O Nf6 5. c3 O-O 6. d4 cxd4 7. cxd4 d5 8. Nc3
Nc6 9. Ne5 Bf5 10. Nxc6 bxc6 11. Bf4 Nd7 12. Na4 e5 13. dxe5 Nxe5 14. Rc1 Rc8
15. b3 Qe7 16. Qd2 Rfe8 17. Rfe1 Nd7 18. Be3 Nf6 19. Bc5 Qd7 20. Qa5 Rc7 21.
Bd4 Bh3 22. Bxh3 Qxh3 23. Bxf6 1-0

[Event "1st  Behin Bazafarin Alborz Internationa"]
[Site "Tehran"]
[Date "2014.03.15"]
[Round "11.4"]
[White "Mousavi, Seyed Khalil"]
[Black "Darini, Pouria"]
[Result "1-0"]
[WhiteElo "2319"]
[BlackElo "2510"]
[PlyCount "63"]
[EventDate "2014.03.06"]

1. Nf3 Nf6 2. g3 g6 3. b3 Bg7 4. Bb2 O-O 5. Bg2 d6 6. d3 e5 7. e4 Nc6 8. O-O
Ne8 9. Nc3 f5 10. exf5 Bxf5 11. Nh4 Be6 12. Ne4 g5 13. Nf3 h6 14. Ne1 Qd7 15.
c4 Nd4 16. Nc2 Nxc2 17. Qxc2 Bh3 18. Rad1 Bxg2 19. Kxg2 Qe7 20. Qe2 c6 21. Ba3
Rd8 22. Qe3 b6 23. Qe2 Rf7 24. g4 Qd7 25. Ng3 Nc7 26. Nf5 Ne6 27. Bc1 Rdf8 28.
Rde1 Rxf5 29. gxf5 Rxf5 30. Ba3 Nf8 31. Rg1 Ng6 32. Kh1 1-0

[Event "1st  Behin Bazafarin Alborz Internationa"]
[Site "Tehran"]
[Date "2014.03.15"]
[Round "11.5"]
[White "Javakhadze, Zurab"]
[Black "Khodashenas, Mersad"]
[Result "1-0"]
[WhiteElo "2450"]
[BlackElo "2262"]
[PlyCount "75"]
[EventDate "2014.03.06"]

1. Nf3 Nf6 2. c4 e6 3. g3 d5 4. Bg2 Be7 5. O-O O-O 6. b3 c5 7. e3 Nc6 8. Bb2 b6
9. Nc3 Bb7 10. cxd5 Nxd5 11. Nxd5 exd5 12. d4 Bf6 13. Qd2 Ba6 14. Rfd1 c4 15.
Ne5 Na5 16. b4 Nb7 17. a4 b5 18. e4 bxa4 19. exd5 Bb5 20. Nc6 Qc7 21. Qc2 Qb6
22. Bc1 Nd8 23. Ne5 Rc8 24. Bf4 Be7 25. Qf5 Rc7 26. Nc6 Nxc6 27. Bxc7 Qxc7 28.
dxc6 Rb8 29. d5 Bxb4 30. Bh3 Rd8 31. Bf1 Bc3 32. Rab1 a6 33. Qc2 Qa5 34. c7 Rf8
35. d6 a3 36. d7 Bxd7 37. Rxd7 a2 38. Rb8 1-0

[Event "1st  Behin Bazafarin Alborz Internationa"]
[Site "Tehran"]
[Date "2014.03.15"]
[Round "11.6"]
[White "Mahjoob, Morteza"]
[Black "Asadi, Sadegh"]
[Result "1-0"]
[WhiteElo "2413"]
[BlackElo "2055"]
[PlyCount "61"]
[EventDate "2014.03.06"]

1. d4 Nf6 2. c4 b6 3. Nc3 Bb7 4. Qc2 e6 5. e4 d5 6. cxd5 exd5 7. e5 Nfd7 8. Nf3
c5 9. Bb5 a6 10. Bxd7+ Qxd7 11. O-O cxd4 12. Ne2 Nc6 13. Nexd4 Rc8 14. Qd3 Bc5
15. Nf5 Bf8 16. a3 g6 17. Nh6 Bg7 18. Bg5 Nd8 19. Bf6 Kf8 20. Qd4 Qc6 21. e6
Nxe6 22. Bxg7+ Nxg7 23. Nxf7 Qc5 24. Nxh8 Kg8 25. Qd2 Kxh8 26. Rac1 Qd6 27.
Rxc8+ Bxc8 28. Rc1 Bd7 29. Qg5 Kg8 30. Qd8+ Ne8 31. Re1 1-0

[Event "1st  Behin Bazafarin Alborz Internationa"]
[Site "Tehran"]
[Date "2014.03.15"]
[Round "11.7"]
[White "Lorparizangeneh, Shahin"]
[Black "Ahmadinia, Ebrahim"]
[Result "1-0"]
[WhiteElo "2246"]
[BlackElo "2373"]
[PlyCount "83"]
[EventDate "2014.03.06"]

1. d4 d5 2. c4 c6 3. Nc3 Nf6 4. Nf3 dxc4 5. a4 Bf5 6. Ne5 Nbd7 7. Nxc4 Nb6 8.
Ne3 Bg6 9. a5 Nbd7 10. g3 e6 11. Bg2 Rc8 12. Qb3 b5 13. axb6 axb6 14. O-O Be7
15. Nc4 Nd5 16. e4 b5 17. Na5 Nxc3 18. Qxc3 b4 19. Qb3 O-O 20. Be3 c5 21. e5
Qb6 22. Nc4 Qc7 23. Nd6 Bxd6 24. exd6 Qxd6 25. dxc5 Nxc5 26. Qxb4 Ne4 27. Qxd6
Nxd6 28. b4 Ne4 29. b5 Rb8 30. b6 Nc3 31. b7 Nd5 32. Bxd5 exd5 33. Ra7 Bd3 34.
Rfa1 g5 35. Bxg5 Be4 36. Bf4 Kg7 37. Bxb8 Rxb8 38. R1a4 Bf3 39. Rb4 d4 40. Ra8
Rxb7 41. Rxb7 Bxb7 42. Rd8 1-0

[Event "1st  Behin Bazafarin Alborz Internationa"]
[Site "Tehran"]
[Date "2014.03.15"]
[Round "11.8"]
[White "Tabatabaei, M.Amin"]
[Black "Darban, Morteza"]
[Result "1-0"]
[WhiteElo "2203"]
[BlackElo "2365"]
[PlyCount "45"]
[EventDate "2014.03.06"]

1. e4 Nf6 2. e5 Nd5 3. d4 d6 4. Bc4 c6 5. Nf3 g6 6. O-O Bg7 7. Re1 O-O 8. Bb3
Na6 9. Nbd2 Nac7 10. Ne4 Bg4 11. c4 Nb6 12. exd6 exd6 13. Bg5 Qd7 14. h3 Bf5
15. Nf6+ Bxf6 16. Bxf6 Rfe8 17. Qd2 Rxe1+ 18. Rxe1 Re8 19. Re5 Rxe5 20. dxe5
dxe5 21. Qh6 Ne8 22. Bxe5 Nc8 23. Ng5 1-0

[Event "1st  Behin Bazafarin Alborz Internationa"]
[Site "Tehran"]
[Date "2014.03.15"]
[Round "11.9"]
[White "Bajarani, Ulvi"]
[Black "Moghaddamian, Afshin"]
[Result "0-1"]
[WhiteElo "2492"]
[BlackElo "2179"]
[PlyCount "68"]
[EventDate "2014.03.06"]

1. Nf3 Nf6 2. c4 d6 3. d4 g6 4. Nc3 Bg7 5. g3 O-O 6. Bg2 Nbd7 7. O-O Rb8 8. e4
a6 9. Qe2 e5 10. dxe5 Nxe5 11. Nxe5 dxe5 12. Bg5 Be6 13. Rad1 Qe7 14. b3 c6 15.
h3 Rfd8 16. Qe3 Rxd1 17. Rxd1 Rd8 18. Rxd8+ Qxd8 19. Qa7 h6 20. Be3 Qd3 21. Na4
Nxe4 22. Nc5 Nxc5 23. Bxc5 Qd7 24. Qb8+ Kh7 25. Bd6 e4 26. h4 Bf5 27. c5 Bd4
28. Be5 Bxe5 29. Qxe5 Qd2 30. Qf6 Kg8 31. Qa1 e3 32. fxe3 Qxe3+ 33. Kh2 Qxc5
34. a3 Qc2 0-1

[Event "1st  Behin Bazafarin Alborz Internationa"]
[Site "Tehran"]
[Date "2014.03.15"]
[Round "11.10"]
[White "Asgarizadeh, Ahmad"]
[Black "Nadimifar, Adnan"]
[Result "1-0"]
[WhiteElo "2309"]
[BlackElo "2167"]
[PlyCount "93"]
[EventDate "2014.03.06"]

1. e4 c5 2. Nf3 Nf6 3. e5 Nd5 4. Nc3 e6 5. d4 Nxc3 6. bxc3 d5 7. exd6 Bxd6 8.
Bd3 Nc6 9. O-O h6 10. Qe2 O-O 11. Bd2 Qc7 12. Rfe1 Rd8 13. h3 cxd4 14. cxd4 Nb4
15. Bxb4 Bxb4 16. Red1 Bd6 17. Rab1 Rb8 18. Qe4 f5 19. Qe2 Bd7 20. Nh4 g5 21.
Nf3 Rbc8 22. c4 b6 23. Rdc1 Re8 24. c5 bxc5 25. dxc5 Bf4 26. Rc2 Rb8 27. Rxb8
Qxb8 28. g3 Bc7 29. c6 Bc8 30. Bxf5 Bb6 31. Kg2 Qd6 32. Bd3 Rf8 33. Qe4 Qe7 34.
h4 gxh4 35. Nxh4 Qg7 36. Ng6 Rf6 37. Nf4 Qf7 38. Qe2 Bc7 39. Qg4+ Kf8 40. Nh5
Rf5 41. Bxf5 exf5 42. Qb4+ Kg8 43. Nf4 Qf8 44. Qd4 Bb6 45. Qe5 Qf7 46. Nd5 Bd8
47. c7 1-0

[Event "1st  Behin Bazafarin Alborz Internationa"]
[Site "Tehran"]
[Date "2014.03.15"]
[Round "11.12"]
[White "Tavakolian, M."]
[Black "Hosseinipour, Mehdi"]
[Result "1-0"]
[WhiteElo "2101"]
[BlackElo "2277"]
[PlyCount "119"]
[EventDate "2014.03.06"]

1. c4 Nf6 2. Nc3 c5 3. Nf3 d6 4. d4 cxd4 5. Nxd4 g6 6. e4 Bg7 7. f3 Nc6 8. Be3
Bd7 9. Qd2 a6 10. O-O-O Rc8 11. Kb1 Ne5 12. b3 Qa5 13. Rc1 Qb4 14. Nc2 Qa5 15.
Nd4 h5 16. Be2 Nc6 17. Rhd1 Nxd4 18. Bxd4 Kf8 19. f4 Bc6 20. Bf3 Nd7 21. h3 Bf6
22. g4 e5 23. Be3 exf4 24. Qxd6+ Kg7 25. Bd4 Bxd4 26. Qxd4+ Qe5 27. gxh5 Qxd4
28. Rxd4 Ne5 29. Bg4 Rcd8 30. Rxd8 Rxd8 31. hxg6 Nxg4 32. hxg4 Kxg6 33. Nd5 Kg5
34. Kc2 Bxd5 35. cxd5 f3 36. Kd3 Kf4 37. Rc7 Rf8 38. d6 Kg3 39. Ke3 f6 40. Rc5
Rd8 41. Rf5 Rxd6 42. g5 fxg5 43. Rxg5+ Kh4 44. Rf5 Kg4 45. Rf4+ Kg5 46. Rxf3
Rd7 47. e5 Kg6 48. Ke4 Rd2 49. a3 Rd1 50. e6 Re1+ 51. Kd5 b5 52. b4 Re2 53. Kd6
Rd2+ 54. Kc7 Re2 55. Kd7 Rd2+ 56. Ke8 Kg7 57. e7 Rh2 58. Rd3 Kf6 59. Kd7 Rh7
60. Rd6+ 1-0

[Event "1st  Behin Bazafarin Alborz Internationa"]
[Site "Tehran"]
[Date "2014.03.15"]
[Round "11.13"]
[White "Hakimifard, Ghazal"]
[Black "Derakhshani, Borna"]
[Result "1-0"]
[WhiteElo "2221"]
[BlackElo "1916"]
[Annotator "Microsoft"]
[PlyCount "159"]
[EventDate "2014.03.06"]

1. e4 e5 2. Nf3 Nc6 3. Bb5 a6 4. Ba4 Nge7 5. O-O g6 6. c3 Bg7 7. d4 exd4 8.
cxd4 b5 9. Bb3 O-O 10. h3 Na5 11. Bc2 d6 12. Nc3 Bb7 13. Bg5 h6 14. Bh4 Nc4 15.
Rb1 g5 16. Bg3 f5 17. exf5 Nxf5 18. Ne4 Qd7 19. Qd3 Rae8 20. Rfe1 Bd5 21. Bh2
Rf7 22. Ng3 Ref8 23. Ne4 Na5 24. b3 Nc6 25. a3 Ncxd4 26. Nxd4 Bxd4 27. Ng3 c5
28. Re2 Nh4 29. Ne4 Bxe4 30. Qxe4 d5 31. Qd3 Bxf2+ 32. Kh1 Bd4 33. Rd2 Qe6 34.
b4 Qe3 35. Bd6 Qxd3 36. Bxd3 Rd8 37. bxc5 Be3 38. Re2 Bf4 39. Bxf4 gxf4 40. Re6
f3 41. g3 Nf5 42. g4 Nd4 43. Rxa6 Rc8 44. c6 f2 45. Kg2 Rcf8 46. c7 Rxc7 47.
Rg6+ Kf7 48. Rf1 Rc3 49. Rxf2+ Ke8 50. Rxf8+ Kxf8 51. Bf1 Rxa3 52. Rd6 Nc2 53.
Bxb5 Ne3+ $11 54. Kf2 Nd1+ 55. Ke1 Nc3 56. Bd3 Ne4 57. Bxe4 dxe4 58. Rxh6 Kg7
59. Rh5 Kg6 60. Kf2 Ra2+ 61. Ke3 Ra4 62. Kf4 Kf6 63. Rf5+ Kg6 64. Re5 e3+ 65.
Kf3 e2 66. Rxe2 Ra3+ 67. Re3 Ra1 68. Kf4 Rf1+ 69. Rf3 Re1 70. h4 Rg1 71. h5+
Kf6 72. Ra3 Rf1+ 73. Kg3 Rg1+ 74. Kh4 Rh1+ 75. Rh3 Rg1 76. Rf3+ Kg7 77. Kg5 Rg2
78. Ra3 Rg1 79. Ra7+ Kg8 80. h6 1-0

[Event "1st  Behin Bazafarin Alborz Internationa"]
[Site "Tehran"]
[Date "2014.03.15"]
[Round "11.14"]
[White "Derakhshani, Dorsa"]
[Black "Galehdari, Bardia"]
[Result "1-0"]
[WhiteElo "2107"]
[BlackElo "2203"]
[PlyCount "97"]
[EventDate "2014.03.06"]

1. e4 e5 2. Nf3 Nc6 3. d4 exd4 4. Nxd4 Nf6 5. Nxc6 bxc6 6. e5 Qe7 7. Qe2 Nd5 8.
c4 Ba6 9. b3 g5 10. Bb2 Nf4 11. Qe4 Bg7 12. Nd2 Ng6 13. Nf3 f6 14. e6 O-O 15.
O-O-O f5 16. Qe3 f4 17. Qe4 Bxb2+ 18. Kxb2 g4 19. Rxd7 Qf6+ 20. Nd4 c5 21. e7
Rfe8 22. Qc6 Qe5 23. Rd5 Qxe7 24. Nf5 Qe6 25. Nh6+ Kg7 26. Qxe6 Rxe6 27. Nxg4
Bb7 28. Rxc5 Re7 29. f3 Rd8 30. h4 Rd2+ 31. Kc3 Rxa2 32. h5 Nh8 33. h6+ Kf8 34.
Rhh5 Bc8 35. Nf6 Be6 36. Rb5 c6 37. Rb8+ Kf7 38. Rxh8 Kxf6 39. Bd3 Rxg2 40.
Bxh7 Rg5 41. Rh4 Rg3 42. Be4 Bf5 43. Rf8+ Kg5 44. h7 Rxh7 45. Rxh7 Bxe4 46.
Rg7+ Bg6 47. Rfg8 Kf6 48. Kd4 Rg5 49. Rxg6+ 1-0